Nové přístupy a cíle rozpočtování Beyond budgeting

Úvahy o význame Beyond budgeting pre rozpočty a rozpočtovaníctvo. Chápanie rozpočtu v koncepcii Beyond Budgeting. Prínos Beyond Budgeting pre riadiacich pracovníkov v praxi. Prínos Beyond Budgeting pre rozpočtovníctvo.

Saved in:
Bibliographic Details
Main Author: Fibírová, Jana
Format: Book Chapter
Language:Czech
Subjects:
Tags: Add Tag
No Tags, Be the first to tag this record!

MARC

LEADER 00000naa$a2200000$$$4500
001 0041296
005 20230509082039.9
041 0 |a cze 
044 |a CZ 
245 1 0 |a Nové přístupy a cíle rozpočtování  |b Beyond budgeting  |c Jana Fibírová 
520 |a Úvahy o význame Beyond budgeting pre rozpočty a rozpočtovaníctvo. Chápanie rozpočtu v koncepcii Beyond Budgeting. Prínos Beyond Budgeting pre riadiacich pracovníkov v praxi. Prínos Beyond Budgeting pre rozpočtovníctvo. 
610 2 0 |a rozpočty 
610 2 0 |a rozpočtovníctvo 
610 2 0 |a účtovníctvo manažérske 
610 2 0 |a riadenie podnikové 
610 2 0 |a metóda BSC 
100 1 |a Fibírová, Jana